00506nam a2200169 i 4500001000300000100002100003245005000024260002100074040000800095041000800103080001300111942000700124008004100131999001700172856009800189952004900287bg1 aBUCZKOWSKI, Lech 0aMetody pracy kierowniczej /cLech Buczkowski. aWarszawa,c1977. cBPK apol a65.012.4 cKS s pl f |000 0 pol  c20196d20196 uhttp://koha.tu.koszalin.pl/cgi-bin/koha/opac-detail.pl?biblionumber=20196yKatalog online BPK 00104070aBPKbBPKcwo28481p01304831yKS